Statistiques concernant Classement ATP juillet 2023

Cliquez ici pour prendre le quiz!

Statistiques générales

  • Ce quiz a été pris 355 fois
  • Le résultat moyen est 42 sur 100

Statistiques - réponses

ClassementJoueurNationalité% Correct
1Carlos AlcarazEspagne
99%
3Daniil MedvedevRussie
99%
2Novak DjokovicSerbie
99%
4Casper RuudNorvège
96%
5Stefanos TsitsipasGrèce
96%
6Holger RuneDanemark
95%
8Jannik SinnerItalie
90%
7Andrey RublevRussie
89%
10Frances TiafoeEtats-Unis
85%
12Félix Auger-AliassimeCanada
83%
19Alexander ZverevAllemagne
82%
9Taylor FritzEtats-Unis
77%
38Adrian MannarinoFrance
76%
13Cameron NorrieRoyaume-Uni
76%
17Hubert HurkaczPologne
75%
68Arthur FilsFrance
73%
21Grigor DimitrovBulgarie
72%
40Ugo HumbertFrance
72%
18Alex De MinaurAustralie
69%
11Karen KhachanovRussie
63%
49Richard GasquetFrance
63%
27Alexander BublikKazakhstan
61%
16Lorenzo MusettiItalie
61%
32Matteo BerrettiniItalie
61%
41Andy MurrayRoyaume-Uni
60%
23Denis ShapovalovCanada
59%
14Tommy PaulEtats-Unis
59%
74Stan WawrinkaSuisse
57%
15Borna CoricCroatie
55%
20Francisco CerundoloArgentine
54%
100Juan Manuel CerundoloArgentine
54%
77Luca Van AsscheFrance
51%
37Nick KyrgiosAustralie
51%
30Yoshihito NishiokaJapon
50%
35Alejandro Davidovich FokinaEspagne
49%
39Ben SheltonEtats-Unis
49%
94Dominic ThiemAutriche
49%
26Nicolas JarryChili
49%
42Lorenzo SonegoItalie
48%
22Pablo Carreno BustaEspagne
48%
98Diego SchwartzmanArgentine
47%
25Roberto Bautista AgutEspagne
46%
63Sebastian BaezArgentine
44%
29Daniel EvansRoyaume-Uni
43%
51Mikael YmerSuède
43%
82Arthur RinderknechFrance
40%
24Jan-Lennard StruffAllemagne
39%
36Tallon GriekspoorPays-Bas
39%
55Laslo DjereSerbie
35%
33Jiri LeheckaRépublique Tchèque
34%
52Aslan KaratsevRussie
33%
34Tomas Martin EtcheverryArgentine
32%
70Zhizhen ZhangChine
32%
45Botic Van De ZandschulpPays-Bas
31%
61Dusan LajovicSerbie
31%
48Emil RuusuvuoriFinlande
31%
54Marton FucsovicsHongrie
31%
73Corentin MoutetFrance
30%
44Miomir KecmanovicSerbie
30%
28Sebastian KordaEtats-Unis
30%
66Juan Pablo VarillasPérou
28%
31Christopher EubanksEtats-Unis
27%
69Jordan ThompsonAustralie
26%
50Grégoire BarrèreFrance
25%
58Sebastian OfnerAutriche
25%
88Thanasi KokkinakisAustralie
25%
79Albert RamosEspagne
24%
64Daniel AltmaierAllemagne
23%
76Alexandre MullerFrance
22%
65Quentin HalysFrance
22%
99Radu AlbotMoldavie
22%
43Roman SafiullinRussie
22%
78Yibing WuChine
22%
60Roberto Carballes BaenaEspagne
21%
80Jack DraperRoyaume-Uni
20%
75Matteo ArnaldiItalie
20%
91Alexei PopyrinAustralie
19%
57Brandon NakashimaEtats-Unis
19%
86Constant LestienneFrance
19%
59Mackenzie McDonaldEtats-Unis
19%
72Nuno BorgesPortugal
19%
56Daniel Elahi GalanColombie
18%
47Jeffrey John WolfEtats-Unis
18%
84Marc-Andrea HueslerSuisse
17%
71Max PurcellAustralie
17%
62Marcos GironEtats-Unis
16%
46Yannick HanfmannAllemagne
16%
53Bernabe Zapata MirallesEspagne
15%
92Ilya IvashkaBiélorussie
13%
81Alex MolcanSlovaquie
11%
89Pavel KotovRussie
11%
90Pedro CachinArgentine
11%
96Alexander ShevchenkoRussie
10%
83Aleksandar VukicAustralie
9%
93Fabian MarozsanHongrie
9%
85Jason KublerAustralie
9%
67Christopher O'ConnellAustralie
8%
87Dominik KoepferAllemagne
8%
95Marco CecchinatoItalie
8%
97Facundo Diaz AcostaArgentine
4%

Distribution des résultats

Percentile par nombre de réponses

% des personnes avec chaque résultat

Votre développement - résultats

Vous n’avez pas pris ce quiz